000 03688njm0a2200493 4500
001 RU\NLR\ONIZ\197856
005 20250708192227.0
035 _a(NLR Aleph) 010405392
071 0 0 _aSVET 072 22-5
090 _a13282328
_c13282328
100 _a20140220d2006 |||y0rusy50 ca
102 _aRU
126 _aaguxjxu ux
_bxxx
127 _a000063
135 _ahonoannnanndn
200 1 _a[Дирижирует] Евгений Светланов
_bЗвукозапись
210 _aМосква
_cФонд Евгения Светланова
_d2006
215 _a1 зв. диск (63 мин), в футл.
_eприл. (11 с.)
225 1 _aАнтология русской симфонической музыки
325 _aКопия доступна в Электрон. б-ке РНБ
327 1 _a1. Торжественная увертюра на датский гимн : op. 15;
_a2. Фатум : симф. поэма : op. 77 ;
_a3. Симфония № 2 : до мин. : op. 17 / П. И. Чайковский ; исполн.: Гос. акад. симф. орк
464 0 _12001#$aТоржественная увертюра на датский гимн$eop. 15
_16061#$aУвертюры концертные$xзвукозапись$yРоссия$z19 век$2nlr_sh
_1686##$aЩ951.1-053(28)$vLBC/SL$2rubbk
_1701#1$9z01790$aЧайковский$bП. И.$gПетр Ильич$f1840-1893$4230$7ca
_1790#1$9z01701$aTchaikovsky$bP.I.$gPeter Ilich$f1840-1893$4230
_tТоржественная увертюра на датский гимн
464 0 _12001#$aФатум$eсимф. поэма$eop. 77
_1600#1$aФатум$cВ Древнем Риме олицетворение судьбы$xЗвукозапись$xМузыкальные интерпретации$2nlr_sh$7ba
_16061#$aСимфонические поэмы$xЗвукозапись$yРоссия$z19 век$2nlr_sh
_1686##$aЩ951.1-051(28)$vLBC/SL$2rubbk
_1701#1$9z01790$aЧайковский$bП. И.$gПетр Ильич$f1840-1893$4230$7ca
_1790#1$9z01701$aTchaikovsky$bP.I.$gPeter Ilich$f1840-1893$4230
_tФатум
464 0 _12001#$aСимфония № 2$eдо мин.$eop. 17
_16061#$aСимфонии русских композиторов$xЗвукозапись$yРоссия$z19 век$2nlr_sh
_1686##$aЩ951.1-040(28)$vLBC/SL$2rubbk
_1701#1$9z01790$aЧайковский$bП. И.$gПетр Ильич$f1840-1893$4230$7ca
_1790#1$9z01701$aTchaikovsky$bP.I.$gPeter Ilich$f1840-1893$4230
_tСимфония № 2
606 1 _aСимфоническая музыка русская
_xЗвукозапись
_yРоссия
_z19 в.
_2nlr_sh
606 1 _aИсполнительское искусство
_xДирижёры
_xЗвукозапись
_yРоссия
_2nlr_sh
686 _aЩ951.1, 8(2)
_vLBC/SL
_2rubbk
700 1 _9z03790
_aСветланов
_bЕ.Ф.
_f1928-2002
_gЕвгений Федорович
_4250
_7ca
712 0 2 _aГосударственный академический симфонический оркестр
_4590
790 1 _9z03700
_aSvetlanov
_bE.
_f1928-2002
_gEvgenij
_4250
_7ba
801 0 _aRU
_bNLR
_c20140220
_gPSBO
801 1 _aRU
_bNLR
_c20140220
_2rusmarc
801 2 _aRU
_bNLR
_c20151105
852 _aNLR
_bМг
_jД/1863
_p3864
_t1
856 0 _uhttp://vivaldi.nlr.ru/mk000000204/view
856 1 _uhttp://vivaldi.nlr.ru/mk000000204/cover
856 2 _uhttp://vivaldi.nlr.ru/mk000000204/text
942 _cREC
980 _aNB
980 _aONIZ
981 2 4 _a(24) Нотные издания и аудиозаписи
_b(24) Грампластинки